00501cam a2200169ua 45000010005000000080039000050200018000440400009000620820011000711000028000822450103001102500010002132600036002233000019002596530014002786530039002921834110811n ii |||gr||||Z||||||eng a0-86125-442-2 cMAIN a370.15 aBhatia, H. R.,eAuthor.1 aElements of educational psychology : btheory and practice of teaching series / cby H. R. Bhatia  a16th. aHyderabad:bOrient longman,989. axiv; 558p:9cm. aEducation aElements of educational psychology